Indian historians/ (Record no. 39599)

MARC details
000 -LEADER
fixed length control field 00683nam a22001937a 4500
005 - DATE AND TIME OF LATEST TRANSACTION
control field 20100806100612.0
010 ## - LCCN (DPL NO)
LC control number ENG-98481
020 ## - INTERNATIONAL STANDARD BOOK NUMBER
International Standard Book Number 9789380173252
Terms of availability 170.00
035 ## - SYSTEM CONTROL NUMBER
System control number EN-82014
037 ## - SOURCE OF ACQUISITION
Source of stock number/acquisition DBAD/PUB
082 ## - DEWEY DECIMAL CLASSIFICATION NUMBER
Classification number 954.0072054
100 ## - MAIN ENTRY--PERSONAL NAME
Personal name Napoleon,k.
245 ## - TITLE STATEMENT
Title Indian historians/
Statement of responsibility, etc by K.Napoleon
260 ## - PUBLICATION, DISTRIBUTION, ETC. (IMPRINT)
Place of publication, distribution, etc Koradacherry
Name of publisher, distributor, etc Aruma Pathipagam
Date of publication, distribution, etc 2009
270 ## - ADDRESS
Address 35 Gandhi Coloni,Koradacherry
City Koradacherry
Postal code 613703
300 ## - PHYSICAL DESCRIPTION
Extent iv 188p.
Dimensions 20cm (pbk)
942 ## - ADDED ENTRY ELEMENTS (KOHA)
Source of classification or shelving scheme Dewey Decimal Classification
Item type English Books
Classification part 954.0072054
Call number suffix NAP
Holdings
Withdrawn status Lost status Not for loan Collection code Home library Current library Date acquired Cost, normal purchase price Full call number Barcode Copy number Cost, replacement price Koha item type
    Not For Loan Non-fiction D.B.Act.Division D.B.Act.Division 06/08/2010 170.00 954.0072054 NAP EN-82014 1 170.00 English Books

© Delhi Public Library
Hit Counter
free hit counter